Histoire de la littérature japonaise des temps archaïques a 1935 / (Record no. 100929)

MARC details
000 -LEADER
campo de control de longitud fija 00862nam a2200229 i 4500
001 - NÚMERO DE CONTROL
campo de control 100929
003 - IDENTIFICADOR DE NÚMERO DE CONTROL
campo de control ES-MaACL
005 - FECHA Y HORA DE LA ÚLTIMA TRANSACCIÓN
campo de control 20251009144900.0
007 - CAMPO FIJO DE DESCRIPCIÓN FÍSICA--INFORMACIÓN GENERAL
campo de control de longitud fija t|
008 - DATOS DE LONGITUD FIJA--INFORMACIÓN GENERAL
campo de control de longitud fija 051006s1935 fr ||||1| fre d
100 1# - ENTRADA PRINCIPAL--NOMBRE DE PERSONA
Nombre de persona Matsuo, Kuni.
9 (RLIN) 79102
245 10 - MENCIÓN DEL TÍTULO
Título Histoire de la littérature japonaise des temps archaïques a 1935 /
Mención de responsabilidad, etc. par Kuni Natsuo; en collaboration avec Ryuko Kawaij et Alfred Smoular; préfaces et introductions de Anatole de Monzie Steiniber-Oberlin et Yoné Noguchi.
260 ## - PUBLICACIÓN, DISTRIBUCIÓN, ETC.
Lugar de publicación, distribución, etc. Paris :
Nombre del editor, distribuidor, etc. Société Françoise d'Editions,
Fecha de publicación, distribución, etc. 1935.
300 ## - DESCRIPCIÓN FÍSICA
Extensión 210 p. ;
Dimensiones 19 cm.
700 1# - ENTRADA AGREGADA--NOMBRE PERSONAL
Nombre de persona Kawji, Ryuko.
9 (RLIN) 67670
700 1# - ENTRADA AGREGADA--NOMBRE PERSONAL
Nombre de persona Smoular, Alfred.
9 (RLIN) 106945
700 1# - ENTRADA AGREGADA--NOMBRE PERSONAL
Nombre de persona Monzie, Anatole de,
Fechas asociadas al nombre 1876-1947
9 (RLIN) 82767
700 1# - ENTRADA AGREGADA--NOMBRE PERSONAL
Nombre de persona Steiniber-Oberlin.
9 (RLIN) 108067
700 1# - ENTRADA AGREGADA--NOMBRE PERSONAL
Nombre de persona Noguchi, Yoné.
9 (RLIN) 85854
852 ## - LOCALIZACIÓN
Ubicación ES-MaACL
Número de control de estantería B-8691
Sublocalización o colección R.89509
Holdings
Estatus retirado Estado de pérdida Estado de daño No para préstamo Biblioteca de origen Biblioteca actual Ubicación en estantería Fecha de adquisición Fuente de adquisición Total de préstamos Signatura topográfica completa Código de barras Visto por última vez Precio de reemplazo Tipo de ítem Koha
        Biblioteca del Ateneo de Madrid Biblioteca del Ateneo de Madrid Sala Pardo Bazán 17/01/2008     B-8691 1105379 23/02/2023 23/02/2023 Libro impreso